000 00529nam a2200181 i 4500
001 134888
003 ES-MaACL
005 20230906194750.0
007 t|
008 070703s1969 mx ||||1| spa d
245 0 3 _aLa tierra en el espacio /
_cCompilación de Hugh Odishaw ; [versión de José Meza Nieto].
250 _a[1ª ed.].
260 _aMéxico :
_bLetras,
_c1969.
300 _a382 p. ;
_c22 cm.
700 1 _aOdishaw, Hugh.
_986530
700 1 _aMeza Nieto, José.
_980826
852 _aES-MaACL
_jD-7746
_bR.93647
999 _c134888
_d134888